| 000 | 00582nam a22002057a 4500 | ||
|---|---|---|---|
| 999 |
_c7018 _d7018 |
||
| 001 | 7862 | ||
| 003 | BD-DhUAP | ||
| 005 | 20210112144338.0 | ||
| 008 | 210112r20012003ii ||||| |||| 001 0 eng d | ||
| 020 | _a8120320697 | ||
| 040 |
_aBD-DhUAP _bEng _cBD-DhUAP _dBD-DhUAP |
||
| 082 |
_223 _a658.87 MAR |
||
| 245 |
_aMarketing channels / _cAnne T. Coughlan ... [et al.]. |
||
| 250 | _a6th ed. | ||
| 260 |
_aNew Delhi : _bPrentice-Hall of India, _cc2001 [2003]. |
||
| 300 |
_axviii, 590 pages ; _c22 cm. |
||
| 500 | _aIncludes index. | ||
| 650 | _aMarketing channels. | ||
| 942 |
_2ddc _cBK |
||